A TEXTBOOK OF KAYACHIKITSA. (Record no. 7746)

MARC details
000 -LEADER
fixed length control field 00303nam a2200121Ia 4500
082 ## - DEWEY DECIMAL CLASSIFICATION NUMBER
Classification number 612
Item number K 14 P
100 ## - MAIN ENTRY--PERSONAL NAME
Personal name PYADGI,P.S.
245 #2 - TITLE STATEMENT
Title A TEXTBOOK OF KAYACHIKITSA.
260 ## - PUBLICATION, DISTRIBUTION, ETC. (IMPRINT)
Name of publisher, distributor, etc CHAUKHAMBHA PUB. NEW DELHI
Year of Publication 2014
300 ## - PAGE DESCRIPTION
No. of Pages 1038
942 ## - ADDED ENTRY ELEMENTS (KOHA)
Source of classification or shelving scheme Dewey Decimal Classification
Koha item type Books
942 ## - ADDED ENTRY ELEMENTS (KOHA)
-- 3
Holdings
Withdrawn status Lost status Source of classification or shelving scheme Damaged status Not for loan Collection code Home library Current library Date acquired Vendor Name Cost, normal purchase price SGTU Bill Number Total Checkouts Full call number Accession No. (Barcode) Date last seen Bill Date Koha item type Date last borrowed
    Dewey Decimal Classification     AYURVEDA SGT FA-FP Library SGT FA-FP Library 14/09/2015 CHAUKHAMBHA PUB. NEW DELHI 795.00 SGTU CP/B453   612 K 14 P FA571 14/09/2015 27/09/2014 Books  
    Dewey Decimal Classification     AYURVEDA SGT FA-FP Library SGT FA-FP Library 14/09/2015 CHAUKHAMBHA PUB. NEW DELHI 795.00 SGTU CP/B453   612 K 14 P FA572 14/09/2015 27/09/2014 Books  
    Dewey Decimal Classification     AYURVEDA SGT FA-FP Library SGT FA-FP Library 14/09/2015 CHAUKHAMBHA PUB. NEW DELHI 795.00 SGTU CP/B453 1 612 K 14 P FA573 30/12/2020 27/09/2014 Books 15/12/2020
    Dewey Decimal Classification     AYURVEDA SGT FA-FP Library SGT FA-FP Library 14/09/2015 CHAUKHAMBHA PUB. NEW DELHI 795.00 SGTU CP/B453 1 612 K 14 P FA574 19/06/2024 27/09/2014 Books 09/05/2024
    Dewey Decimal Classification     AYURVEDA SGT FA-FP Library SGT FA-FP Library 14/09/2015 CHAUKHAMBHA PUB. NEW DELHI 795.00 SGTU CP/B453 2 612 K 14 P FA575 16/02/2024 27/09/2014 Books 12/02/2024